| 000 | 00000nam##2200000za#4500 |
| 001 | 9.638241 |
| 003 | CaOODSP |
| 005 | 20240209132621 |
| 007 | cr ||||||||||| |
| 008 | 150407|1998||||xxc|||||o f|0| 0 fre|d |
| 040 | |aCaOODSP|bfre |
| 043 | |an-cn--- |
| 086 | 1 |aC89-4/55-1998F-PDF |
| 110 | 2 |aAgence de promotion économique du Canada atlantique. |
| 245 | 10|aL'industrie du bois dans le Canada atlantique : |h[ressource électronique]|bpleins feux sur la valeur ajoutée |
| 260 | |aMoncton - Nouveau-Brunswick : |bAgence de promotion économique du Canada atlantique |cNovembre 1998. |
| 300 | |a123p.|bfigures (certaines en couleur), glossaire, graphiques, références, tableaux |
| 500 | |aSommaire: État de la ressource.--État de l'industrie.--Productivité et avantages économiques.--Produits et marchés.--Commerce et réglementation.--Besoins, défis et objectifs. |
| 590 | |a10-15-Supp|b2010-12-10 |
| 691 | 07|aIndustrie du bois|2gcpds |
| 691 | 07|aProduit forestier|2gcpds |
| 775 | 08|tThe wood industry in Atlantic Canada : |w(CaOODSP)9.694064 |
| 776 | 0#|tL'industrie du bois dans le Canada atlantique : |w(CaOODSP)9.680702 |
| 856 | 40|ahttp://publications.gc.ca|qPDF|s2 Mo|uhttps://publications.gc.ca/collections/Collection/C89-4-55-1998F.pdf |